[Event "World Cup"]
[Site "Khanty-Mansiysk RUS"]
[Date "2019.09.10"]
[EventDate "2019.09.10"]
[Round "1.1"]
[Result "1-0"]
[White "Rustam Kasimdzhanov"]
[Black "Evgeny Ilgizovich Bareev"]
[WhiteElo "2657"]
[BlackElo "2643"]
[PlyCount "65"]

1. e4 e5 2. Bc4 Nf6 3. d3 c6 4. Nf3 d5 5. Bb3 a5 6. a4 Bd6
7. exd5 cxd5 8. Nc3 Be6 9. Bg5 d4 10. Bxf6 gxf6 11. Nb5 Bxb3
12. cxb3 Bb4+ 13. Nd2 Nc6 14. f4 Qe7 15. O-O Bxd2 16. Qxd2
O-O-O 17. Rae1 Kb8 18. Na3 Qb4 19. Qd1 Rhe8 20. fxe5 Rxe5
21. Nc4 Rxe1 22. Rxe1 Ka7 23. h3 Rd7 24. Rf1 Re7 25. Kh2 Re6
26. Rf5 Ne5 27. Na3 Kb6 28. Nb5 Nc6 29. Qc2 Qe7 30. Qf2 Re3
31. Qf4 Rxd3 32. Rxf6 Rxb3 33. Qxd4+ 1-0

[Event "World Cup"]
[Site "Khanty-Mansiysk RUS"]
[Date "2019.09.10"]
[EventDate "2019.09.10"]
[Round "1.1"]
[Result "0-1"]
[White "Maksim Chigaev"]
[Black "Parham Maghsoodloo"]
[WhiteElo "2644"]
[BlackElo "2664"]
[PlyCount "112"]

1. e4 e5 2. Nf3 Nc6 3. Bc4 Bc5 4. O-O Nf6 5. d3 d6 6. c3 a5
7. h3 h6 8. Nbd2 O-O 9. Bb5 Na7 10. Ba4 b5 11. Bc2 Nc6 12. Re1
Re8 13. Nf1 d5 14. exd5 Qxd5 15. Ng3 Be6 16. Qe2 Qd7 17. Be3
Bf8 18. Bd2 Nd5 19. d4 exd4 20. Qxb5 dxc3 21. bxc3 Rab8
22. Qd3 g6 23. Nh5 Qd8 24. Rad1 Nb6 25. Qb5 gxh5 26. Bc1 Bd7
27. Rxe8 Qxe8 28. Qxh5 f5 29. Qh4 Qg6 30. Bf4 Be7 31. Ne5 Bxh4
32. Nxg6 Bd8 33. c4 Be6 34. Bxh6 Nxc4 35. Nf8 Bf7 36. Nd7 Rb5
37. a4 Rd5 38. Rxd5 Bxd5 39. Bxf5 Be7 40. Bf4 Nd4 41. Bd3 c5
42. Bc7 Nb3 43. f4 Nb2 44. Bg6 c4 45. f5 Bf7 46. f6 Bxg6
47. fxe7 Be8 48. Nf6+ Kf7 49. Nd5 Nxa4 50. h4 c3 51. h5 c2
52. Bf4 Nac5 53. h6 Ne6 54. h7 Nxf4 55. h8=Q c1=Q+ 56. Kh2
Nxd5 0-1

[Event "World Cup"]
[Site "Khanty-Mansiysk RUS"]
[Date "2019.09.10"]
[EventDate "2019.09.10"]
[Round "1.1"]
[Result "1/2-1/2"]
[White "Alexey Sarana"]
[Black "Alexandr Predke"]
[WhiteElo "2651"]
[BlackElo "2657"]
[PlyCount "151"]

1. d4 Nf6 2. c4 e6 3. Nf3 d5 4. Nc3 Nbd7 5. Qc2 Bb4 6. cxd5
exd5 7. Bf4 O-O 8. e3 Re8 9. a3 Bxc3+ 10. bxc3 c5 11. Be2 Qa5
12. O-O b6 13. Ne5 Nxe5 14. dxe5 Nd7 15. c4 Ba6 16. Rfd1 Nxe5
17. Rxd5 Ng6 18. Bg3 Bb7 19. Rd7 Be4 20. Qb3 Rad8 21. Rad1
Rxd7 22. Rxd7 Nf8 23. Rd6 Qa6 24. h4 Qb7 25. Bf1 Ne6 26. Qa4
Re7 27. h5 h6 28. Bh4 f6 29. Qd1 Nf8 30. Qg4 Kf7 31. f3 Bh7
32. e4 Qa6 33. Rd8 Qb7 34. Bg3 Rd7 35. Rb8 Qc6 36. Bf4 f5
37. exf5 Qf6 38. Qg3 Qxf5 39. Bd6 Ne6 40. Qe5 Qxe5 41. Bxe5
Nd4 42. Rc8 Nc2 43. g4 Ne3 44. Be2 Rd2 45. Kf2 Nxc4 46. Rc7+
Ke6 47. Ke1 Rxe2+ 48. Kxe2 Kxe5 49. Rxg7 Bc2 50. Rxa7 b5
51. g5 hxg5 52. h6 Kd4 53. Rd7+ Kc3 54. Rc7 Kd4 55. Rd7+ Ke5
56. Re7+ Kf6 57. h7 Bxh7 58. Rxh7 Nxa3 59. Rc7 c4 60. Rc5 b4
61. Kd2 c3+ 62. Kd3 c2 63. Kd2 b3 64. Kc1 Nb1 65. Kb2 Nd2
66. Rc3 Ke5 67. Rd3 Nc4+ 68. Kc1 Na5 69. Kb2 Nc4+ 70. Kc1 Na5
71. Kb2 Nc6 72. Rxb3 Kf4 73. Rd3 Ne5 74. Rd5 Nxf3 75. Rxg5
Kxg5 76. Kxc2 1/2-1/2

[Event "World Cup"]
[Site "Khanty-Mansiysk RUS"]
[Date "2019.09.10"]
[EventDate "2019.09.10"]
[Round "1.1"]
[Result "0-1"]
[White "Robert Hovhannisyan"]
[Black "Anton Demchenko"]
[WhiteElo "2639"]
[BlackElo "2655"]
[PlyCount "108"]

1. e4 e5 2. Nf3 Nc6 3. Bb5 g6 4. c3 Bg7 5. d4 exd4 6. cxd4 a6
7. Bc4 d6 8. O-O Nf6 9. Nc3 O-O 10. h3 b5 11. Bd3 Bb7 12. Bg5
h6 13. Be3 Re8 14. d5 Na5 15. Qd2 Kh7 16. Rad1 c6 17. dxc6
Bxc6 18. b3 Rc8 19. Nd5 Nb7 20. Nxf6+ Qxf6 21. Bd4 Qe7
22. Bxg7 Kxg7 23. Rfe1 Qf6 24. b4 Bd7 25. e5 dxe5 26. Bxg6
Rcd8 27. Be4 Bxh3 28. Qc2 Bc8 29. Rxd8 Rxd8 30. Qc3 Nd6
31. Nxe5 Nxe4 32. Rxe4 Bf5 33. Rf4 Rd5 34. Qg3+ Kh7 35. Ng4
Rd1+ 36. Kh2 Qa1 37. Qe3 Bxg4 38. Rxf7+ Kg6 39. Qe8 Rd8
40. Qxd8 Kxf7 41. Qc7+ Ke8 42. Qc6+ Bd7 43. Qxa6 Qe5+ 44. g3
Qf5 45. Kg1 h5 46. Qh6 Be6 47. a3 Bd5 48. Qc1 Kd7 49. Qf1 Bc6
50. Qa1 Qd5 51. Qg7+ Kc8 52. Qf8+ Kb7 53. Qe7+ Ka6 54. Kf1
Qd1+ 0-1

[Event "World Cup"]
[Site "Khanty-Mansiysk RUS"]
[Date "2019.09.10"]
[EventDate "2019.09.10"]
[Round "1.1"]
[Result "1/2-1/2"]
[White "Evgeny Najer"]
[Black "Benjamin Gledura"]
[WhiteElo "2635"]
[BlackElo "2654"]
[PlyCount "81"]

1. d4 Nf6 2. c4 g6 3. Nc3 d5 4. cxd5 Nxd5 5. e4 Nxc3 6. bxc3
Bg7 7. Bc4 c5 8. Ne2 O-O 9. Be3 Qc7 10. Rc1 Nd7 11. h4 Rd8
12. h5 b5 13. Bxb5 cxd4 14. cxd4 Qa5+ 15. Nc3 Rb8 16. Qa4 Qxa4
17. Bxa4 Ba6 18. Bb3 e6 19. e5 Rdc8 20. Ne4 Rxc1+ 21. Bxc1 Rb4
22. Rh4 Rxd4 23. Nf6+ Bxf6 24. Rxd4 Nxe5 25. Ra4 Bb5 26. Rxa7
Nd3+ 27. Kd1 Nxf2+ 28. Kc2 Bc6 29. Rc7 Be4+ 30. Kd2 Be5
31. Rc5 Nd3 32. Rc4 f5 33. Ba3 Nf4 34. Rc5 Nd5 35. Rc8+ Kf7
36. hxg6+ hxg6 37. Rf8+ Kg7 38. Re8 Kf7 39. Rf8+ Kg7 40. Re8
Kf7 41. Rf8+ 1/2-1/2

[Event "World Cup"]
[Site "Khanty-Mansiysk RUS"]
[Date "2019.09.10"]
[EventDate "2019.09.10"]
[Round "1.1"]
[Result "1/2-1/2"]
[White "Sergei Movsesian"]
[Black "Grigoriy Oparin"]
[WhiteElo "2654"]
[BlackElo "2654"]
[PlyCount "55"]

1. e4 e5 2. Nf3 Nc6 3. Bb5 a6 4. Ba4 Nf6 5. O-O b5 6. Bb3 Bb7
7. d3 Bc5 8. Bg5 h6 9. Be3 d6 10. Bxc5 dxc5 11. Nc3 O-O
12. Nd5 Nd4 13. Nxd4 cxd4 14. Nxf6+ Qxf6 15. f4 exf4 16. g3 c5
17. Rxf4 Qe7 18. Qh5 Rac8 19. Bd5 Bxd5 20. Qxd5 Rfd8 21. Qh5
c4 22. Raf1 f6 23. Rf5 cxd3 24. cxd3 Rc2 25. R5f2 Rc5 26. Rf5
Rc2 27. R5f2 Rc5 28. Rf5 1/2-1/2

[Event "World Cup"]
[Site "Khanty-Mansiysk RUS"]
[Date "2019.09.11"]
[EventDate "2019.09.10"]
[Round "1.2"]
[Result "0-1"]
[White "Alder Escobar Forero"]
[Black "Leinier Dominguez Perez"]
[WhiteElo "2504"]
[BlackElo "2763"]
[PlyCount "78"]

1. e4 c5 2. Nf3 d6 3. d4 cxd4 4. Qxd4 Nf6 5. Be2 Nc6 6. Qe3 g6
7. O-O Bg7 8. h3 O-O 9. Rd1 Be6 10. c4 Qb6 11. Nc3 Rfc8
12. Ng5 Nd7 13. Qg3 Nce5 14. b3 Nc6 15. Be3 Qa5 16. Bd2 Qa3
17. Rab1 a6 18. h4 Nd4 19. Bf1 b5 20. h5 bxc4 21. hxg6 hxg6
22. Nxe6 Nxe6 23. Bxc4 Nd4 24. Qg5 e6 25. Be1 Nc2 26. Bd2 Nb6
27. Bxe6 fxe6 28. Qxg6 Qc5 29. Qxe6+ Kh7 30. Nd5 Nxd5 31. exd5
Rf8 32. Qh3+ Kg8 33. Qe6+ Rf7 34. Be3 Nxe3 35. fxe3 Be5
36. Rf1 Qxe3+ 37. Kh1 Rf8 38. Rxf7 Rxf7 39. Rf1 Qh6+ 0-1

[Event "World Cup"]
[Site "Khanty-Mansiysk RUS"]
[Date "2019.09.11"]
[EventDate "2019.09.10"]
[Round "1.2"]
[Result "1/2-1/2"]
[White "Aleksej Gennadyevich Aleksandrov"]
[Black "Le Quang Liem"]
[WhiteElo "2577"]
[BlackElo "2708"]
[PlyCount "72"]

1. d4 Nf6 2. c4 e6 3. Nc3 Bb4 4. e3 O-O 5. Ne2 Re8 6. a3 Bf8
7. Ng3 d5 8. Be2 b6 9. O-O Bb7 10. b4 Nbd7 11. Qb3 c6 12. Rd1
a5 13. Bd2 axb4 14. axb4 Qe7 15. cxd5 exd5 16. Qc2 g6 17. Bd3
Bg7 18. Nce2 b5 19. Rxa8 Rxa8 20. Nc1 Nb6 21. Nb3 Nc4 22. Be1
h5 23. Nf1 Bc8 24. Ra1 Rxa1 25. Nxa1 Qa7 26. Nb3 Ne8 27. Nfd2
Ned6 28. Na5 Qc7 29. Qa2 Qa7 30. Ndb3 Bf5 31. Bf1 Qa8 32. Nc5
Ne4 33. Bd3 Ned6 34. Bf1 Bf8 35. Qa1 Ne4 36. Nab3 Qxa1 1/2-1/2

[Event "World Cup"]
[Site "Khanty-Mansiysk RUS"]
[Date "2019.09.11"]
[EventDate "2019.09.10"]
[Round "1.2"]
[Result "0-1"]
[White "Jose Eduardo Martinez Alcantara"]
[Black "Dmitry Jakovenko"]
[WhiteElo "2596"]
[BlackElo "2681"]
[PlyCount "198"]

1. c4 c5 2. Nf3 Nf6 3. Nc3 e6 4. g3 b6 5. Bg2 Bb7 6. O-O Be7
7. d4 cxd4 8. Qxd4 O-O 9. Rd1 d6 10. b3 Nbd7 11. Ba3 Nc5
12. Qe3 a6 13. Rac1 Qc7 14. b4 Ncd7 15. b5 Nc5 16. Bb2 Rfd8
17. bxa6 Rxa6 18. Nb5 Qb8 19. a3 Ra4 20. Bh3 Nfe4 21. Bd4 h6
22. Bg2 Qa8 23. h4 Nf6 24. Ne1 Bxg2 25. Nxg2 Qc6 26. Bb2 d5
27. Nd4 Qe8 28. cxd5 Nxd5 29. Qf3 Bf6 30. Rb1 Rc4 31. e4 Na4
32. exd5 Nxb2 33. Rxb2 Rxd5 34. Ne3 Rcxd4 35. Rdb1 Rd8
36. Rxb6 Ra4 37. R1b3 Bd4 38. Rb7 Ra5 39. Rc7 Bxe3 40. Rxe3
Qf8 41. Rec3 Rf5 42. Qe4 Qd6 43. Rc8 h5 44. a4 Rxc8 45. Rxc8+
Kh7 46. Rc2 g6 47. Ra2 Qd1+ 48. Kg2 Qb3 49. Rc2 Qb1 50. Qc4
Qe1 51. Rb2 Rd5 52. Qe2 Qc3 53. Rb7 Rf5 54. Rb5 Qc6+ 55. Kg1
Rd5 56. Kh2 Qd7 57. Qc4 Rd2 58. Qf4 Rd5 59. Qb4 Rd4 60. Qb3
Rd3 61. Qb4 Qd4 62. Qxd4 Rxd4 63. Ra5 Rd2 64. Kg2 Ra2 65. Kf3
Kg7 66. Ke3 Kf6 67. f3 e5 68. Ra6+ Kf5 69. Ra5 f6 70. f4 Ra3+
71. Kf2 Ke4 72. fxe5 fxe5 73. Ra6 Ra2+ 74. Kf1 Kf5 75. Kg1 e4
76. Kf1 Kg4 77. Rxg6+ Kf3 78. Rf6+ Kxg3 79. Ke1 Rxa4 80. Ke2
Kxh4 81. Ke3 Kg5 82. Rf8 h4 83. Rh8 Kg4 84. Rg8+ Kh3 85. Kf4
Kh2 86. Rb8 h3 87. Rb2+ Kg1 88. Rb1+ Kf2 89. Rb2+ Kf1 90. Rb1+
Ke2 91. Rb2+ Kd3 92. Rb3+ Kd2 93. Rb2+ Kc3 94. Rb1 Kc2 95. Rb7
h2 96. Rh7 Kd3 97. Rxh2 e3+ 98. Kf3 Ra1 99. Rh3 e2 0-1

[Event "World Cup"]
[Site "Khanty-Mansiysk RUS"]
[Date "2019.09.11"]
[EventDate "2019.09.10"]
[Round "1.2"]
[Result "1/2-1/2"]
[White "Daniil Dubov"]
[Black "Emilio Cordova"]
[WhiteElo "2699"]
[BlackElo "2576"]
[PlyCount "60"]

1. d4 Nf6 2. Nf3 e6 3. c4 c5 4. d5 exd5 5. cxd5 g6 6. e4 d6
7. h3 Bg7 8. Bd3 O-O 9. O-O c4 10. Bc2 Na6 11. Nc3 Nb4 12. Bb1
Re8 13. Re1 Bd7 14. Bf4 Qb6 15. Be3 Qc7 16. Bd4 b5 17. a3 Na6
18. e5 dxe5 19. Bxe5 Qb6 20. Bc2 b4 21. Bd4 Rxe1+ 22. Qxe1 Qd8
23. axb4 Nxb4 24. Qd2 Nxc2 25. Qxc2 Bf5 26. Qd2 Bd3 27. Ne1
Nxd5 28. Bxg7 Kxg7 29. Nxd3 cxd3 30. Qxd3 Nxc3 1/2-1/2

[Event "World Cup"]
[Site "Khanty-Mansiysk RUS"]
[Date "2019.09.11"]
[EventDate "2019.09.10"]
[Round "1.2"]
[Result "1/2-1/2"]
[White "M Amin Tabatabaei"]
[Black "Bassem Amin"]
[WhiteElo "2642"]
[BlackElo "2699"]
[PlyCount "62"]

1. d4 Nf6 2. c4 g6 3. Nc3 d5 4. cxd5 Nxd5 5. e4 Nxc3 6. bxc3
Bg7 7. Nf3 c5 8. Be3 Qa5 9. Qd2 Nc6 10. Rc1 cxd4 11. cxd4
Qxd2+ 12. Kxd2 O-O 13. Bb5 Rd8 14. Bxc6 bxc6 15. Rc5 f5
16. Rhc1 Be6 17. Ne5 f4 18. Bxf4 Rxd4+ 19. Ke3 Ra4 20. Rxc6
Ra3+ 21. R1c3 Rxc3+ 22. Rxc3 Bxa2 23. Ra3 Bxe5 24. Bxe5 Bc4
25. Ra5 Kf8 26. f3 a6 27. Rc5 Bf1 28. Kf2 Bb5 29. Bc3 Bd7
30. h4 Rc8 31. Rxc8+ Bxc8 1/2-1/2

[Event "World Cup"]
[Site "Khanty-Mansiysk RUS"]
[Date "2019.09.11"]
[EventDate "2019.09.10"]
[Round "1.2"]
[Result "1/2-1/2"]
[White "Gawain Jones"]
[Black "Diego Flores"]
[WhiteElo "2688"]
[BlackElo "2602"]
[PlyCount "110"]

1. e4 e5 2. Nf3 Nc6 3. Bb5 a6 4. Ba4 d6 5. O-O Bd7 6. c3 g6
7. d4 Bg7 8. Re1 Nf6 9. h3 O-O 10. Bc2 h6 11. Nbd2 Re8 12. Nf1
Nh5 13. Be3 Qf6 14. N1h2 Nf4 15. dxe5 Nxe5 16. Nxe5 Rxe5
17. Ng4 Bxg4 18. Qxg4 Ne6 19. f4 Rb5 20. Rab1 Qe7 21. a4 Rh5
22. Bf2 Re8 23. Rf1 b5 24. axb5 axb5 25. Rbe1 b4 26. f5 Nf8
27. e5 Bxe5 28. fxg6 Rg5 29. Bh4 Rxg4 30. Bxe7 Rf4 31. gxf7+
Kxf7 32. Bb3+ Kg6 33. Bc2+ Kf7 34. Bb3+ Kg6 35. Rxf4 Bxf4
36. Ba4 Rb8 37. Rf1 Ne6 38. Bd7 bxc3 39. bxc3 Nc5 40. Bc6 Bg5
41. Bxg5 hxg5 42. g3 Rb3 43. Be8+ Kg7 44. Rf7+ Kg8 45. Rxc7
Rxc3 46. Kg2 Ne4 47. Rxc3 Nxc3 48. Kf3 Nd5 49. Bc6 Ne7 50. Be4
Kg7 51. h4 gxh4 52. gxh4 d5 53. Bxd5 Nxd5 54. h5 Nf6 55. h6+
Kxh6 1/2-1/2

[Event "World Cup"]
[Site "Khanty-Mansiysk RUS"]
[Date "2019.09.11"]
[EventDate "2019.09.10"]
[Round "1.2"]
[Result "1-0"]
[White "Aleksandr Rakhmanov"]
[Black "Nils Grandelius"]
[WhiteElo "2606"]
[BlackElo "2691"]
[PlyCount "111"]

1. c4 c5 2. Nf3 Nc6 3. Nc3 e5 4. e3 Nf6 5. d4 e4 6. Ne5 h5
7. Be2 Bd6 8. f4 cxd4 9. exd4 Bb8 10. O-O Ne7 11. c5 d6
12. cxd6 Nf5 13. Qa4+ Kf8 14. d7 Bxd7 15. Nxd7+ Qxd7 16. Qxd7
Nxd7 17. Nxe4 Nxd4 18. Bc4 Nb6 19. Rd1 Nc2 20. Rd8+ Ke7
21. Rxh8 Nxa1 22. Bd3 Be5 23. Rxa8 Bd4+ 24. Kf1 Nxa8 25. Ke2
Nc7 26. Nc3 Kd6 27. Be3 Bxe3 28. Kxe3 Kc5 29. Kd2 b5 30. Ne4+
Kd4 31. Nd6 b4 32. Nf5+ Kc5 33. Nxg7 h4 34. Nf5 Nd5 35. Nxh4
Nxf4 36. b3 a5 37. g3 Nd5 38. Kc1 Kd4 39. Bf5 Kc3 40. Nf3 Ne3
41. g4 Nxf5 42. gxf5 Nc2 43. f6 Ne3 44. Ne5 Nd5 45. Nxf7 Nxf6
46. Ne5 Ne4 47. h4 a4 48. bxa4 Kd4 49. a5 Kc5 50. h5 Nf6
51. h6 Kb5 52. Nc4 Ka6 53. Kd2 Kb5 54. Kd3 Ka6 55. Ke2 Kb5
56. Kf3 1-0

[Event "World Cup"]
[Site "Khanty-Mansiysk RUS"]
[Date "2019.09.11"]
[EventDate "2019.09.10"]
[Round "1.2"]
[Result "1/2-1/2"]
[White "Michael Adams"]
[Black "Chithambaram V R Aravindh"]
[WhiteElo "2694"]
[BlackElo "2609"]
[PlyCount "61"]

1. e4 e5 2. Nf3 Nc6 3. Bc4 Bc5 4. O-O Nf6 5. d3 O-O 6. c3 d5
7. exd5 Nxd5 8. a4 a5 9. Nbd2 Nb6 10. Bb5 Bd6 11. Ne4 Na7
12. d4 Nxb5 13. axb5 exd4 14. Nxd6 Qxd6 15. Qxd4 Bd7 16. Bf4
Qxd4 17. Nxd4 Rfc8 18. Rfe1 a4 19. Re5 c5 20. bxc6 Bxc6
21. Nxc6 bxc6 22. Rc5 Nd5 23. Bg3 Ra6 24. h4 f6 25. Rc4 Rca8
26. Bd6 c5 27. Bg3 a3 28. bxa3 Rxa3 29. Rxa3 Rxa3 30. Rxc5
Nxc3 31. Rc8+ 1/2-1/2

[Event "World Cup"]
[Site "Khanty-Mansiysk RUS"]
[Date "2019.09.11"]
[EventDate "2019.09.10"]
[Round "1.2"]
[Result "1/2-1/2"]
[White "Lu Shanglei"]
[Black "Boris Gelfand"]
[WhiteElo "2602"]
[BlackElo "2686"]
[PlyCount "51"]

1. e4 e5 2. Nf3 Nf6 3. Nc3 Nc6 4. a3 d5 5. Bb5 Nxe4 6. Qe2
Nxc3 7. Qxe5+ Qe7 8. dxc3 Bd7 9. Qxe7+ Bxe7 10. Bf4 O-O-O
11. O-O-O a6 12. Bxc6 Bxc6 13. Rhe1 Rhe8 14. Ne5 Bd6 15. Bg3
Bxe5 16. Bxe5 f6 17. Bd4 Rxe1 18. Rxe1 Re8 19. Rxe8+ Bxe8
20. Kd2 Kd7 21. f3 Ke6 22. Ke3 Bg6 23. Kd2 Be8 24. Ke3 Bg6
25. Kd2 Be8 26. Ke3 1/2-1/2

[Event "World Cup"]
[Site "Khanty-Mansiysk RUS"]
[Date "2019.09.11"]
[EventDate "2019.09.10"]
[Round "1.2"]
[Result "0-1"]
[White "Jorge Cori"]
[Black "Sarin Nihal"]
[WhiteElo "2676"]
[BlackElo "2610"]
[PlyCount "58"]

1. c4 e6 2. Nf3 d5 3. e3 Nf6 4. Nc3 b6 5. b3 Bb7 6. Bb2 Nbd7
7. Be2 a6 8. O-O Bd6 9. d4 O-O 10. a4 c5 11. h3 Re8 12. Re1 h6
13. Bf1 Rc8 14. Rc1 Qe7 15. Rc2 Red8 16. Qe2 dxc4 17. bxc4 Nf8
18. Rb1 Ng6 19. Bc1 Qc7 20. Rcb2 cxd4 21. exd4 Ba3 22. Rd2
Bxc1 23. Rxc1 Qf4 24. Qe3 Bxf3 25. gxf3 Qh4 26. Rb1 Nf4
27. Rxb6 Rxc4 28. Kh2 N6d5 29. Nxd5 Nxd5 0-1

[Event "World Cup"]
[Site "Khanty-Mansiysk RUS"]
[Date "2019.09.11"]
[EventDate "2019.09.10"]
[Round "1.2"]
[Result "1/2-1/2"]
[White "Mateusz Bartel"]
[Black "Maxim Rodshtein"]
[WhiteElo "2621"]
[BlackElo "2684"]
[PlyCount "67"]

1. d4 d5 2. c4 c6 3. Nf3 Nf6 4. e3 Bg4 5. h3 Bxf3 6. Qxf3 e6
7. a3 Bd6 8. Nc3 Qe7 9. g4 O-O 10. g5 Nfd7 11. Rg1 e5 12. Be2
dxc4 13. Ne4 exd4 14. exd4 Na6 15. Be3 Kh8 16. Bxc4 Nc7
17. Kf1 Nb6 18. Bd3 Nbd5 19. Nf6 Nxe3+ 20. fxe3 Nd5 21. Nxh7
Qxe3 22. Qxe3 Nxe3+ 23. Kf2 Rfe8 24. g6 f6 25. Rg4 Nd5 26. Bc4
Bf4 27. Rh4 Bh6 28. Re1 Rxe1 29. Kxe1 Nf4 30. Rg4 Rd8 31. Bf7
Rxd4 32. Rg3 Nd3+ 33. Kf1 Ne5 34. Rb3 1/2-1/2

[Event "World Cup"]
[Site "Khanty-Mansiysk RUS"]
[Date "2019.09.11"]
[EventDate "2019.09.10"]
[Round "1.2"]
[Result "1-0"]
[White "Ernesto Inarkiev"]
[Black "Murali Karthikeyan"]
[WhiteElo "2693"]
[BlackElo "2617"]
[PlyCount "83"]

1. d4 Nf6 2. c4 g6 3. Nc3 Bg7 4. e4 d6 5. Nf3 O-O 6. Be2 e5
7. O-O Nc6 8. d5 Ne7 9. b4 Nh5 10. a4 Nf4 11. c5 h6 12. Nd2 f5
13. Nc4 g5 14. Ba3 Rf6 15. a5 Neg6 16. b5 Bf8 17. b6 dxc5
18. bxc7 Qxc7 19. Re1 Nxe2+ 20. Qxe2 Qg7 21. exf5 Bxf5 22. g3
Bh3 23. Ne4 Rf7 24. f3 Rd8 25. Rad1 g4 26. f4 exf4 27. Bb2 Qh7
28. Nf6+ Rxf6 29. Bxf6 Rd7 30. Qe6+ Qf7 31. Bc3 f3 32. Kf2 b5
33. axb6 axb6 34. d6 Qxe6 35. Rxe6 Nf4 36. Nxb6 Rd8 37. Re4
Ne2 38. Be5 c4 39. Rxc4 Re8 40. d7 Rxe5 41. d8=Q Nc3 42. Re1
1-0

[Event "World Cup"]
[Site "Khanty-Mansiysk RUS"]
[Date "2019.09.11"]
[EventDate "2019.09.10"]
[Round "1.2"]
[Result "1/2-1/2"]
[White "Anton Korobov"]
[Black "Abhijeet Gupta"]
[WhiteElo "2679"]
[BlackElo "2609"]
[PlyCount "124"]

1. d4 Nf6 2. c4 g6 3. Nc3 d5 4. Bg5 Bg7 5. Bxf6 Bxf6 6. cxd5
c5 7. dxc5 Nd7 8. e3 O-O 9. Nf3 Nxc5 10. Nd4 Qa5 11. Bb5 Ne4
12. Qa4 Qxa4 13. Bxa4 Bxd4 14. exd4 Nf6 15. O-O Rd8 16. Rfe1
e6 17. dxe6 Bxe6 18. Rad1 Rac8 19. f3 a6 20. Rd2 Kf8 21. Kf2
h5 22. h4 Nd5 23. Nxd5 Bxd5 24. a3 Rd6 25. Bc2 Rcd8 26. Red1
Rb6 27. Bb1 Rbd6 28. Rc1 R6d7 29. Rc5 Re7 30. a4 b6 31. Rc3
Red7 32. Ke3 Re7+ 33. Kf4 Rd6 34. Bd3 a5 35. Bb5 Kg7 36. Kg3
Re1 37. Rc7 Kf6 38. Rc3 Ra1 39. b3 Rb1 40. Rdd3 Rb2 41. Bc4
Bxc4 42. Rxc4 Ke6 43. Rc7 f6 44. Rg7 Kf5 45. d5 Re2 46. Rd4 g5
47. hxg5 fxg5 48. Rh7 Kg6 49. Rc7 Kf5 50. Rh7 Kg6 51. Rb7 Kf5
52. b4 Ke5 53. Rd1 Ra2 54. bxa5 bxa5 55. Re7+ Kf6 56. Re4 Rb6
57. Ree1 Rbb2 58. Rg1 Rd2 59. d6 Ke6 60. Rb1 Kxd6 61. Rb6+ Ke5
62. Kh3 g4+ 1/2-1/2

[Event "World Cup"]
[Site "Khanty-Mansiysk RUS"]
[Date "2019.09.11"]
[EventDate "2019.09.10"]
[Round "1.2"]
[Result "1-0"]
[White "Sunilduth Lyna Narayanan"]
[Black "David Anton Guijarro"]
[WhiteElo "2611"]
[BlackElo "2674"]
[PlyCount "111"]

1. e4 e5 2. Nf3 Nc6 3. Bb5 Nf6 4. d3 Bc5 5. c3 d5 6. exd5 Qxd5
7. Bc4 Qd6 8. b4 Bb6 9. a4 e4 10. dxe4 Qxd1+ 11. Kxd1 a6
12. Kc2 O-O 13. Re1 Bxf2 14. Re2 Bb6 15. a5 Ba7 16. Bf4 Be6
17. Bxe6 fxe6 18. Nbd2 Nh5 19. Be3 Bxe3 20. Rxe3 Rad8 21. g3
Nf6 22. h3 h6 23. Rae1 Nh5 24. Nb3 b6 25. Nbd4 Nxd4+ 26. Nxd4
Rf2+ 27. Kb3 e5 28. Nc6 Re8 29. c4 Rf6 30. b5 bxa5 31. Ra1
axb5 32. cxb5 Rg6 33. g4 Nf6 34. Rxa5 h5 35. gxh5 Rg1 36. Ra7
Rb1+ 37. Kc4 Rc1+ 38. Kb4 Rb1+ 39. Rb3 Rxb3+ 40. Kxb3 Nxe4
41. Rxc7 Nd6 42. b6 e4 43. Kc2 e3 44. Kd1 Kh7 45. Rd7 Re6
46. Nd4 Rf6 47. Ke2 Rh6 48. Nf3 Kg8 49. Ne5 Rf6 50. h4 Kh7
51. Ng4 Re6 52. h6 Rg6 53. hxg7 Rxg4 54. Rxd6 Kxg7 55. b7 Rb4
56. Rd7+ 1-0

[Event "World Cup"]
[Site "Khanty-Mansiysk RUS"]
[Date "2019.09.11"]
[EventDate "2019.09.10"]
[Round "1.2"]
[Result "0-1"]
[White "Arkadij Naiditsch"]
[Black "Niclas Huschenbeth"]
[WhiteElo "2643"]
[BlackElo "2620"]
[PlyCount "80"]

1. Nf3 d5 2. d4 Nf6 3. c4 e6 4. g3 dxc4 5. Bg2 Bb4+ 6. Nc3 Nc6
7. O-O O-O 8. Qa4 Nd5 9. Qc2 Be7 10. Rd1 Rb8 11. e4 Ncb4
12. Qd2 Nxc3 13. Qxc3 b5 14. b3 Bb7 15. Ne1 cxb3 16. axb3 f5
17. exf5 Bxg2 18. Nxg2 Rxf5 19. Ne3 Nd5 20. Qc2 Nxe3 21. fxe3
Rf7 22. Rxa7 Bd6 23. e4 e5 24. Be3 exd4 25. Bxd4 Qg5 26. b4
Rbf8 27. Qb3 c5 28. Rxf7 Rxf7 29. bxc5 Bxc5 30. Bxc5 Qxc5+
31. Kg2 Qf2+ 32. Kh3 Qf6 33. Qd5 h6 34. Re1 b4 35. Qc4 Kh7
36. Qxb4 Qe6+ 37. Kg2 Qa2+ 38. Kh3 Qe6+ 39. Kg2 Qa2+ 40. Kh3
Rf2 0-1

[Event "World Cup"]
[Site "Khanty-Mansiysk RUS"]
[Date "2019.09.11"]
[EventDate "2019.09.10"]
[Round "1.2"]
[Result "1/2-1/2"]
[White "Andrey Esipenko"]
[Black "Ruslan Ponomariov"]
[WhiteElo "2624"]
[BlackElo "2675"]
[PlyCount "60"]

1. d4 Nf6 2. Nf3 d6 3. g3 Nbd7 4. c4 g6 5. Bg2 Bg7 6. O-O O-O
7. Nc3 e5 8. e4 a6 9. Qc2 exd4 10. Nxd4 Rb8 11. Rd1 Ne5 12. c5
Bg4 13. f3 Bd7 14. f4 Nc6 15. Nxc6 Bxc6 16. e5 Ne8 17. Ne4
Bxe4 18. Qxe4 b6 19. cxd6 cxd6 20. Be3 Qe7 21. exd6 Qxe4
22. Bxe4 Nxd6 23. Rxd6 Rfe8 24. Rad1 Rxe4 25. Rd8+ Re8
26. Rxb8 Rxb8 27. b3 b5 28. Rd6 a5 29. Ra6 Bc3 30. Rc6 Bb2
1/2-1/2

[Event "World Cup"]
[Site "Khanty-Mansiysk RUS"]
[Date "2019.09.11"]
[EventDate "2019.09.10"]
[Round "1.2"]
[Result "0-1"]
[White "Tamir Nabaty"]
[Black "Sethuraman P Sethuraman"]
[WhiteElo "2658"]
[BlackElo "2624"]
[PlyCount "76"]

1. e4 c5 2. c3 d5 3. exd5 Qxd5 4. Nf3 g6 5. Na3 Bg7 6. Bc4 Qd8
7. d4 cxd4 8. Qb3 e6 9. Bg5 Nf6 10. Nxd4 O-O 11. O-O-O Qe7
12. Rhe1 Na6 13. Bf4 Nc5 14. Qb4 Nh5 15. Be3 b6 16. Nc6 Qc7
17. Bxc5 bxc5 18. Qxc5 Qxh2 19. g3 Bb7 20. Ne7+ Kh8 21. Nb5
Nf6 22. Nd6 Bf3 23. Be2 Ne4 24. Qc6 Bh6+ 25. Kc2 Qxf2
26. Nxf7+ Rxf7 27. Qxa8+ Rf8 28. Rd8 Bxe2 29. Rxf8+ Bxf8
30. Qd8 Bc4+ 31. Kd1 Bd5 32. Nxg6+ hxg6 33. Qh4+ Kg7 34. Rxe4
Bxe4 35. Qxe4 Kf6 36. Qa8 Qf1+ 37. Kc2 Qf5+ 38. Kd2 Qd5+ 0-1

[Event "World Cup"]
[Site "Khanty-Mansiysk RUS"]
[Date "2019.09.11"]
[EventDate "2019.09.10"]
[Round "1.2"]
[Result "1-0"]
[White "Surya Shekhar Ganguly"]
[Black "Vladimir Fedoseev"]
[WhiteElo "2658"]
[BlackElo "2664"]
[PlyCount "114"]

1. c4 e6 2. Nf3 Nf6 3. g3 d5 4. Bg2 d4 5. O-O c5 6. d3 Nc6
7. e3 Be7 8. exd4 cxd4 9. Re1 O-O 10. Na3 Qb6 11. Nc2 a5
12. b3 Rd8 13. Rb1 Nb4 14. a3 Nxc2 15. Qxc2 Bd7 16. Ne5 Be8
17. b4 axb4 18. axb4 Ra4 19. Bd2 Qa7 20. Qd1 Nd7 21. Nf3 Ra3
22. Ra1 Nb6 23. Ne5 Rxa1 24. Qxa1 Qxa1 25. Rxa1 f6 26. Nf3 Na4
27. Ne1 b6 28. f4 Nc3 29. Nc2 e5 30. Bxc3 dxc3 31. Be4 exf4
32. gxf4 Bd6 33. f5 Bf7 34. Ra3 Be5 35. d4 Bxd4+ 36. Nxd4 Rxd4
37. Ra8+ Be8 38. Rxe8+ Kf7 39. Re6 g6 40. Kf1 Rxc4 41. Bd5 Rd4
42. Bb3 c2 43. Re4+ Kg7 44. Bxc2 Rd2 45. Ba4 Rxh2 46. Re7+ Kh6
47. Rb7 gxf5 48. Rxb6 Kg5 49. Bc6 f4 50. Bg2 f5 51. Kg1 Rh4
52. Bf3 Rh3 53. Kg2 Rg3+ 54. Kf2 Rh3 55. Rb8 Rh2+ 56. Bg2 f3
57. Kxf3 Rh4 1-0

[Event "World Cup"]
[Site "Khanty-Mansiysk RUS"]
[Date "2019.09.11"]
[EventDate "2019.09.10"]
[Round "1.2"]
[Result "1-0"]
[White "Kirill Alekseenko"]
[Black "Ngoc Truongson Nguyen"]
[WhiteElo "2671"]
[BlackElo "2638"]
[PlyCount "97"]

1. e4 e5 2. Nf3 Nc6 3. Bc4 Bc5 4. c3 Nf6 5. d3 d6 6. O-O a6
7. Bb3 Ba7 8. Nbd2 O-O 9. h3 Ne7 10. Re1 Ng6 11. Nf1 c6
12. Ng3 d5 13. Bg5 h6 14. Bxf6 Qxf6 15. exd5 Nh4 16. Re4 Nxf3+
17. Qxf3 cxd5 18. Qxf6 gxf6 19. Bxd5 Rd8 20. c4 Bd4 21. Rh4
Rb8 22. Rb1 b5 23. b3 Kg7 24. Be4 bxc4 25. dxc4 Ba7 26. Rb2
Rd4 27. Re2 a5 28. Rh5 a4 29. Bc2 axb3 30. axb3 Ra8 31. Bf5
Be6 32. Ra2 Rd7 33. Rh4 Bxf5 34. Nxf5+ Kg6 35. g4 Rh8 36. Rh5
Bc5 37. h4 Rdd8 38. Ra5 Bb4 39. Rb5 Bd2 40. c5 Rd3 41. c6 Rc3
42. Rd5 Bf4 43. Rd7 e4 44. Kg2 Rc2 45. Nd4 Rd2 46. Rf5 Be5
47. h5+ Kh7 48. Rxf7+ Kg8 49. Rd7 1-0